| 000 | 00687cam a2200265 4500 | ||
|---|---|---|---|
| 001 | ABS67143 | ||
| 008 | 031024n2003 000 0 eng u | ||
| 035 | _a(Sirsi) u124013 | ||
| 100 | _aCreasey, S. | ||
| 245 | _aGreater Manchester | ||
| 260 | _c2003 | ||
| 490 |
_aProperty Week _v68(38) 26 September 2003, 61-96(15) |
||
| 590 | _aABS | ||
| 650 | _aGREATER MANCHESTER | ||
| 650 | _aREGENERATION | ||
| 650 | _aRETAIL SECTOR | ||
| 650 | _aLEISURE SECTOR | ||
| 650 | _aINDUSTRIAL | ||
| 650 | _aOFFICES | ||
| 650 | _aBUSINESS PARKS | ||
| 690 | _aPROPERTY-COMMERCIAL PROPERTY-COMMERCIAL PROPERTY MARKET | ||
| 700 | _aMcConnell, T. | ||
| 700 | _aDanaher, T. | ||
| 942 | _n0 | ||
| 999 |
_c73643 _d73643 |
||